Logo BPK

Biblioteka

Politechniki Koszalińskiej

Falkowe wskaźniki zmian radiometrycznych zachodzących w procesie opracowania ortofotomapy / (Rekord nr 54109)

Szczegóły MARC
000 -ETYKIETA REKORDU
podpole kontrolne o stałej długości 01176nam a2200277 i 4500
001 - NUMER KONTROLNY REKORDU
pole kontrolne bg
040 ## - ŹRÓDŁO KATALOGOWANIA
Instytucja, która utworzyła rekord BPK
041 0# - KOD JĘZYKA
Kod języka tekstu pol
Kod języka streszczenia lub abstraktu eng
044 ## - KOD KRAJU WYDAWCY/PRODUCENTA
Kod kraju wydawcy/producenta POL
080 ## - UNIWERSALNA KLASYFIKACJA DZIESIĘTNA - UKD
UKD 528.7:517.98:004.932:517.4
008 - POLE O STAŁEJ DŁUGOŚCI - DANE KONTROLNE
podpole kontrolne o stałej długości s pl f |000 0 pol
100 1# - NAZWA OSOBOWA
Nazwa osobowa Pyka, Krystian.
245 00 - TYTUŁ/ODPOWIEDZIALNOŚĆ
Tytuł Falkowe wskaźniki zmian radiometrycznych zachodzących w procesie opracowania ortofotomapy /
Pozostałe elementy strefy tytułu i oznaczenia odpowiedzialności Krystian Pyka.
246 15 - WARIANT TYTUŁU
Tytuł The |wavelets indicators of radiometric changes taking place in orthophoto-map generation process
260 ## - STREFA ADRESU WYDAWNICZEGO
Miejsce wydania Kraków :
Nazwa wydawcy/dystrybutora Uczelniane Wydawnictwa Naukowo-Dydaktyczne Akademii Górniczo-Hutniczej im. S. Staszica,
Data publikacji, dystrybucji/powstania dokumentu 2005.
300 ## - STREFA OPISU FIZYCZNEGO
Objętość 94, [1] s. :
Inne cechy fizyczne 2 fot., rys., wykr. ;
Rozmiary 24 cm +
Dokument towarzyszący CD ROM.
490 1# - STREFA SERII I DOKUMENTU WIELOCZĘŚCIOWEGO - FORMA NIE DO WYSZUKIWANIA
Tytuł i oznaczenie odpowiedzialności serii Rozprawy, Monografie =
-- Dissertations Monographs / Akademia Górniczo-Hutnicza im. Stanisława Staszica w Krakowie,
ISSN 0867-6631 ;
Numeracja w obrębie serii 152
504 ## - UWAGA DOTYCZĄCA BIBLIOGRAFII
Informacje o bibliografii Bibliogr.
546 ## - UWAGA O JĘZYKU
Uwaga o języku Streszcz. ang.
650 #9 - HASŁO PRZEDMIOTOWE W FORMIE NAZWY OGÓLNEJ LUB JEDNOSTKOWEJ
Nazwa ogólna lub geograficzna Analiza falkowa
Określnik ogólny stosowanie
650 #9 - HASŁO PRZEDMIOTOWE W FORMIE NAZWY OGÓLNEJ LUB JEDNOSTKOWEJ
Nazwa ogólna lub geograficzna Kompresja danych
650 #9 - HASŁO PRZEDMIOTOWE W FORMIE NAZWY OGÓLNEJ LUB JEDNOSTKOWEJ
Nazwa ogólna lub geograficzna Ortofotografia
650 #9 - HASŁO PRZEDMIOTOWE W FORMIE NAZWY OGÓLNEJ LUB JEDNOSTKOWEJ
Nazwa ogólna lub geograficzna Prztwarzanie obrazów
830 #0 - HASŁO DODATKOWE SERII LUB DOKUMENTU WIELOCZĘŚCIOWEGO - TYTUŁ UJEDNOLICONY
Tytuł ujednolicony Rozprawy, Monografie - Akademia Górniczo-Hutnicza im. Stanisława Staszica
-- 0867-6631
Oznaczenie tomu 152
856 ## - LOKALIZACJA I DOSTĘP DO ELEKTRONICZNYCH DOKUMENTÓW ZDALNYCH
Link (URL) http://koha.tu.koszalin.pl/cgi-bin/koha/opac-detail.pl?biblionumber=54109
Tekst linku Katalog online BPK
942 ## - DODATKOWE ELEMENTY (KOHA)
Typ dokumentu Książka
Egzemplarze
Wycofany Status egzemplarza Uszkodzony Dostępność Lokalizacja stała Lokalizacja bieżąca Miejsce przechowywania Sygnatura Kod kreskowy Ostatnio wypożyczono Typ dokumentu
      Dostępny Biblioteka Politechniki Koszalińskiej Biblioteka Politechniki Koszalińskiej Wypożyczalnia BG 84995 02389219 31.01.2015 Książka
© 2023 Biblioteka Politechniki Koszalińskiej :: KOHA